000 00603cam a22001931 4500
001 sa 65000512
003 DLC
005 20260227112103.0
008 890317s1964 io 000 0 ind
010 _asa 65000512
035 _a(OCoLC)23560954
040 _aDLC
_cMiU
_dDLC
050 0 0 _aJQ779.A55
_bS8
245 0 0 _a43 tahun menempa kesabaran, ketjintaan dan kegemasan revolusioner.
246 3 _aEmpat puluh tiga tahun menempa kesabaran, ketjintaan dan kegemasan revolusioner
260 _aDjakarta,
_bJajasan Pembaruan,
_c1964.
300 _a20 p.
_c21 cm.
610 2 0 _aPartai Komunis Indonesia.
999 _c61579
_d61579